| 000 | 00659cam a2200229Ia 4500 | ||
|---|---|---|---|
| 999 |
_c5208 _d5208 |
||
| 001 | 48271653 | ||
| 003 | OCoLC | ||
| 005 | 20181228131342.0 | ||
| 008 | 011105s1966 okuac 000 0 eng d | ||
| 020 | _a0892741864 | ||
| 040 |
_aTSW _cTSW _dOCLCQ _dBSC |
||
| 082 |
_a248.5 _bO81S |
||
| 092 |
_a248.5 _bO81s |
||
| 100 | 1 |
_aOsborn, T. L. _q(Tommy Lee), _d1923- |
|
| 245 | 1 | 0 |
_aSoulwinning out where the sinners are / _cT.L. Osborn. |
| 250 | _a7th ed. | ||
| 260 |
_aTulsa, Okla. : _bOsborn Foundation, _cc1966. |
||
| 300 |
_a140 p. : _bill., port. ; _c22 cm. |
||
| 490 | 0 | _aA T.L. Osborn publication | |
| 650 | 0 | _aWitness bearing (Christianity) | |
| 942 |
_2ddc _cBK |
||